100 Zelda characters - Statistics

General Stats
  • This quiz has been taken 334 times
    320 since last reset
  • The average score is 48 of 100
Answer Stats
Hint First appearance Answer % Correct
Hero, wields the Triforce of Courage The Legend of Zelda Link
100%
Princess, wields the triforce of Wisdom The Legend of Zelda Zelda
99%
Villain, wields the Triforce of Power The Legend of Zelda Ganon/Ganondorf
98%
Sheikah attendant of the princess The Legend of Zelda Impa
91%
Hero's horse Ocarina of Time Epona
83%
Found in fountains, heals or empowers the hero The Legend of Zelda Great Fairy
81%
Fairy companion in Hyrule Ocarina of Time Navi
80%
Hero's shadow The Adventure of Link Dark Link
79%
Masked harp player, princess' alter ego Ocarina of Time Sheik
78%
Forest child, possessed by Majora's mask Ocarina of Time Skull Kid
77%
Guardian of the forest Ocarina of Time Great Deku Tree
76%
Titular twilight princess Twilight Princess Midna
75%
Kokiri, Sage of Forest Ocarina of Time Saria
73%
Child shopkeeper Twilight Princess Malo
71%
Spirit of the Master Sword Skyward Sword Fi
68%
Lon Lon Ranch owner's daughter Ocarina of Time Malon
68%
Zora Champion Breath of the Wild Mipha
68%
Sage of Light Ocarina of Time Rauru
68%
Zonai king of Hyrule Tears of the Kingdom Rauru
68%
Zora prince Breath of the Wild Sidon
67%
Zora princess, Sage of Water Ocarina of Time Ruto
66%
Rito Champion Breath of the Wild Revali
65%
Goron Champion Breath of the Wild Daruk
64%
Goron chief, Sage of Fire Ocarina of Time Darunia
63%
Gerudo Champion Breath of the Wild Urbosa
63%
Map salesman, wants to be a fairy Majora's Mask Tingle
62%
Pirate captain, actually the princess Wind Waker Tetra
61%
Usurper of the twilight princess' throne Twilight Princess Zant
61%
Mysterious vendor Majora's Mask Happy Mask Salesman
59%
Gerudo witches who fuse into one Ocarina of Time Koume & Kotake/Twinrova
59%
Demon king Skyward Sword Demise
58%
Goddess of Skyloft Skyward Sword Hylia
58%
Lon Lon Ranch owner Ocarina of Time Talon
58%
Giant Goron Ocarina of Time Biggoron
57%
Young girl who finds the hero on a beach Link's Awakening Marin
57%
Gerudo princess Breath of the Wild Riju
57%
Spirit of the demon king's sword Skyward Sword Ghirahim
56%
Titular oracle, named after the goddess of power Oracle of Seasons Din
55%
Giant whale-like monster Ocarina of Time Jabu-Jabu
55%
Goron, Champion's descendant Breath of the Wild Yunobo
55%
Graveyard keeper Ocarina of Time Dampe
54%
Titular oracle, named after the goddess of wisdom Oracle of Ages Nayru
54%
Hero's classmate and rival Skyward Sword Groose
53%
Gerudo, Sage of Spirit Ocarina of Time Nabooru
53%
Zonai queen of Hyrule Tears of the Kingdom Sonia
53%
Fairy companion in Termina Majora's Mask Tatl
53%
Minish wind sorcerer Four Swords Vaati
53%
Dreaming flying whale Link's Awakening Wind Fish
53%
Hero's boat Wind Waker King of Red Lions
51%
Guardians of Termina Majora's Mask Four Giants
50%
Last king of Hyrule Breath of the Wild Rhoam Bosphoramus Hyrule
49%
Rito warrior's son Breath of the Wild Tulin
49%
Yiga clan chief Breath of the Wild Kohga
48%
Brother of the above Majora's Mask Tael
48%
Rito musician, plays the harp Breath of the Wild Kass
47%
Rito warrior Breath of the Wild Teba
47%
Oracle of Secrets, named after the goddess of courage Oracle of Ages Farore
46%
Korok musician, plays maracas Breath of the Wild Hestu
46%
Sage of Spirit Tears of the Kingdom Mineru
46%
Wise owl Ocarina of Time Kaepora Gaebora
45%
Princess of Lorule A Link Between Worlds Hilda
44%
Hero's childhood friend, loses her memory Twilight Princess Ilia
44%
Recurring traveling merchant Wind Waker Beedle
43%
Rito, Sage of Earth Wind Waker Medli
40%
Dark wizard, villain's alter ego A Link to the Past Agahnim
39%
Hero's little sister Wind Waker Aryll
39%
Rabbit mask shopkeeper A Link Between Worlds Ravio
38%
Minish turned into a hat Minish Cap Ezlo
37%
Steamboat captain Phantom Hourglass Linebeck
37%
Painting sorcerer A Link Between Worlds Yuga
37%
Princess of the insect kingdom Twilight Princess Agitha
36%
Kidnapped child saved by the hero Twilight Princess Colin
35%
Monkey Light Spirit Twilight Princess Faron
35%
Snake Light Spirit Twilight Princess Lanayru
34%
Korok, Sage of Wind Wind Waker Makar
34%
Bird-like creature who can teleport the hero in dungeons Twilight Princess Ooccoo
34%
Villains who put the character above to sleep Link's Awakening Shadow Nightmares
34%
Couple reunited by the hero Majora's Mask Anju and Kafei
33%
Bird Light Spirit Twilight Princess Eldin
33%
Dragon Roost Island's red dragon Wind Waker Valoo
30%
Sheikah monk, DLC boss Breath of the Wild Maz Koshia
28%
Enemy boar rider Twilight Princess King Bulblin
25%
Evil chancellor Spirit Tracks Cole
23%
Knight academy headmaster, princess' father Skyward Sword Gaepora
23%
Corrupted sky spirit Skyward Sword Levias
22%
Evil phantom Phantom Hourglass Bellum
20%
Giant bird who kidnaps girls Wind Waker Helmaroc King
20%
Demon sealed by train tracks Spirit Tracks Malladus
20%
Goat Light Spirit Twilight Princess Ordona
19%
Fairy companion in the world of the Ocean King Phantom Hourglass Ciela
18%
General of darkness Oracle of Seasons Onox
18%
Right hand man of the above Spirit Tracks Byrne
13%
Princess of Hytopia Triforce Heroes Styla
13%
Demon fairy Oracle of Ages Veran
13%
Old man from Mercay Island Phantom Hourglass Oshus
12%
Rito to-be leader Wind Waker Komali
11%
Protector of the Tower of Spirits Spirit Tracks Anjean
9%
Drablands witch Triforce Heroes Lady Maud
6%
King of Hytopia Triforce Heroes King Tuft
3%
Train conductor, pirate's descendant Spirit Tracks Alonzo
2%
No matching quizzes found
Score Distribution
Percent of People with Each Score
Percentile by Number Answered
Your Score History
You have not taken this quiz since the last reset